[Event "SRB Team Chmp 2008"]
[Site "Subotica"]
[Date "2008.09.11"]
[Round "10.1"]
[White "Blagojevic, Dragisa"]
[Black "Ivanovic, Bozidar"]
[Result "0-1"]
[WhiteElo "2519"]
[BlackElo "2436"]
[PlyCount "78"]
[EventDate "2008.09.01"]

1. d4 d6 2. Nf3 Nd7 3. c4 e5 4. Nc3 Ngf6 5. e4 Be7 6. Be2 O-O 7. O-O c6 8. Be3
a6 9. d5 cxd5 10. cxd5 b5 11. Nd2 Ne8 12. f3 Bg5 13. Bf2 Nb6 14. a4 b4 15. a5
Bxd2 16. Bxb6 Qg5 17. Na4 f5 18. Kh1 Nf6 19. Bg1 Nh5 20. f4 Nxf4 21. Bf3 fxe4
22. Qxd2 exf3 23. Rxf3 Bf5 24. Nb6 Rad8 25. Re1 h5 26. Nc4 h4 27. Be3 Bg6 28.
h3 Rf6 29. Bxf4 Rxf4 30. Rxf4 exf4 31. Kg1 Bf7 32. Rf1 Bxd5 33. Rxf4 Bf7 34.
Kh1 Qe7 35. Qxb4 Rc8 36. b3 Rc5 37. Qb8+ Kh7 38. Qxd6 Qe1+ 39. Kh2 Rd5 0-1

[Event "SRB Team Chmp 2008"]
[Site "Subotica"]
[Date "2008.09.11"]
[Round "10.1"]
[White "Cvetkovic, Srdjan"]
[Black "Antic, Dejan"]
[Result "1/2-1/2"]
[WhiteElo "2374"]
[BlackElo "2482"]
[PlyCount "79"]
[EventDate "2008.09.01"]

1. c4 c5 2. Nf3 Nf6 3. d4 cxd4 4. Nxd4 Nc6 5. Nc3 g6 6. e4 d6 7. Be2 Nxd4 8.
Qxd4 Bg7 9. Bg5 O-O 10. O-O Be6 11. Qd2 Qa5 12. Rac1 Rfc8 13. b3 a6 14. f3 b5
15. Nd5 Qxd2 16. Bxd2 Nxd5 17. cxd5 Bd4+ 18. Kh1 Bd7 19. Rxc8+ Rxc8 20. Rc1
Rxc1+ 21. Bxc1 f5 22. g4 Kf7 23. exf5 gxf5 24. g5 Bc8 25. f4 Bb7 26. Bf3 a5 27.
Kg2 b4 28. Kf1 Kg6 29. Ke2 Ba6+ 30. Kd2 Bc3+ 31. Kc2 Bb7 32. Be3 e6 33. Bb6
Bxd5 34. Bxd5 exd5 35. Bxa5 d4 36. Bc7 d5 37. Bd6 Kh5 38. a4 bxa3 39. Bxa3 Kg4
40. Bd6 1/2-1/2

[Event "SRB Team Chmp 2008"]
[Site "Subotica"]
[Date "2008.09.11"]
[Round "10.1"]
[White "Barlov, Dragan"]
[Black "Zakic, Srdjan"]
[Result "0-1"]
[WhiteElo "2474"]
[BlackElo "2357"]
[PlyCount "88"]
[EventDate "2008.09.01"]

1. d4 Nf6 2. c4 g6 3. Nc3 Bg7 4. e4 d6 5. Be2 O-O 6. Bg5 c5 7. d5 h6 8. Bf4 e6
9. Qd2 exd5 10. exd5 Kh7 11. Nf3 Na6 12. h3 Bf5 13. Bd3 Re8+ 14. Be3 Bxd3 15.
Qxd3 Nb4 16. Qb1 b5 17. Nxb5 Nfxd5 18. O-O Nxe3 19. fxe3 Rxe3 20. a3 Nd3 21.
Qc2 Nxb2 22. Rab1 a6 23. Rxb2 axb5 24. Rxb5 Qe7 25. Rb3 Rxa3 26. Rxa3 Rxa3 27.
Rd1 Rc3 28. Qa2 Qe4 29. Qa6 Rc2 30. Re1 Qxc4 31. Qxd6 Rc1 32. Rxc1 Qxc1+ 33.
Kh2 Qc2 34. Qc7 Qf5 35. Qc6 Bf6 36. Kg3 Kg7 37. Qc7 Qd5 38. Kf2 c4 39. g4 c3
40. h4 g5 41. hxg5 hxg5 42. Qc8 Qe4 43. Ne1 Bd4+ 44. Kf1 Qf4+ 0-1

[Event "SRB Team Chmp 2008"]
[Site "Subotica"]
[Date "2008.09.11"]
[Round "10.1"]
[White "Novoselski, Zoran"]
[Black "Sarenac, David"]
[Result "0-1"]
[WhiteElo "2388"]
[BlackElo "2222"]
[PlyCount "98"]
[EventDate "2008.09.01"]

1. Nf3 Nf6 2. c4 g6 3. b4 Bg7 4. Bb2 O-O 5. e3 a5 6. b5 d6 7. d4 Nbd7 8. Be2 c6
9. a4 Re8 10. O-O Qc7 11. Nc3 e5 12. Rc1 e4 13. Nd2 Nf8 14. Qb3 h5 15. Ba3 Bf5
16. Rb1 Rab8 17. Rfc1 N8h7 18. Qd1 Ng5 19. Nb3 Ra8 20. d5 c5 21. b6 Qd8 22. Nd2
Ra6 23. Rb5 Bd7 24. Nb3 Bxb5 25. Nxb5 Qxb6 26. Rb1 Nd7 27. Nd2 Qd8 28. Qc2 f5
29. Rb3 Rb6 30. Bc1 Nb8 31. f4 exf3 32. gxf3 Nh3+ 33. Kg2 Nf4+ 34. Kf1 Nxe2 35.
Kxe2 Qh4 36. Nf1 Qh3 37. Qd1 Nd7 38. f4 Nf6 39. Qe1 Qg4+ 40. Kd2 Ne4+ 41. Kc2
Qg2+ 42. Kb1 Kh7 43. Nd2 Bc3 44. Kc2 Bxd2 45. Bxd2 Qxh2 46. Rd3 Nxd2 47. Rxd2
Qxf4 48. Nc3 Qxc4 49. Qg3 Qb3+ 0-1

[Event "SRB Team Chmp 2008"]
[Site "Subotica"]
[Date "2008.09.11"]
[Round "10.2"]
[White "Martinovic, Slobodan"]
[Black "Iordachescu, Viorel"]
[Result "1/2-1/2"]
[WhiteElo "2453"]
[BlackElo "2579"]
[PlyCount "58"]
[EventDate "2008.09.01"]

1. Nf3 Nf6 2. c4 e6 3. Nc3 Bb4 4. Qc2 O-O 5. a3 Bxc3 6. Qxc3 b6 7. b3 c5 8. Bb2
d5 9. e3 Bb7 10. Be2 dxc4 11. bxc4 Nc6 12. O-O e5 13. d3 Re8 14. Rfd1 Qe7 15.
Qc2 Rad8 16. h3 Rd6 17. Nd2 Red8 18. Nf1 Ne8 19. Ng3 Rg6 20. Bf3 Na5 21. Qe2
Nd6 22. Bxb7 Naxb7 23. Qf3 Re6 24. Bc3 g6 25. a4 a5 26. Rab1 Nc8 27. d4 cxd4
28. exd4 exd4 29. Rxd4 Nc5 1/2-1/2

[Event "SRB Team Chmp 2008"]
[Site "Subotica"]
[Date "2008.09.11"]
[Round "10.2"]
[White "Stojanovic, Mihajlo"]
[Black "Miljkovic, Miroslav D"]
[Result "1/2-1/2"]
[WhiteElo "2552"]
[BlackElo "2427"]
[PlyCount "29"]
[EventDate "2008.09.01"]

1. d4 d5 2. Nf3 c6 3. c4 e6 4. e3 f5 5. Bd3 Nf6 6. O-O Bd6 7. b3 b6 8. Ba3 Bxa3
9. Nxa3 O-O 10. Nc2 g6 11. Qe2 a5 12. Rfc1 Bb7 13. a3 c5 14. b4 b5 15. cxb5
1/2-1/2

[Event "SRB Team Chmp 2008"]
[Site "Subotica"]
[Date "2008.09.11"]
[Round "10.2"]
[White "Bozic, Milan"]
[Black "Maksimovic, Branimir"]
[Result "1/2-1/2"]
[WhiteElo "2440"]
[BlackElo "2397"]
[PlyCount "22"]
[EventDate "2008.09.01"]

1. Nf3 b6 2. e4 Bb7 3. Nc3 g6 4. d4 Bg7 5. Bc4 e6 6. Bg5 Ne7 7. Qd2 h6 8. Be3
d6 9. d5 e5 10. h3 a6 11. g4 Nd7 1/2-1/2

[Event "SRB Team Chmp 2008"]
[Site "Subotica"]
[Date "2008.09.11"]
[Round "10.3"]
[White "Khenkin, Igor"]
[Black "Naiditsch, Arkadij"]
[Result "1/2-1/2"]
[WhiteElo "2655"]
[BlackElo "2665"]
[PlyCount "47"]
[EventDate "2008.09.01"]

1. d4 Nf6 2. c4 e6 3. Nf3 d5 4. Nc3 dxc4 5. e4 Bb4 6. Bg5 c5 7. Bxc4 cxd4 8.
Nxd4 Bxc3+ 9. bxc3 Qa5 10. Nb5 Nxe4 11. Qd4 O-O 12. Qxe4 a6 13. Be7 axb5 14.
Bb4 Qc7 15. Bxf8 Kxf8 16. Bb3 Qxc3+ 17. Ke2 Qb2+ 18. Kf3 Qc3+ 19. Qe3 Qf6+ 20.
Qf4 Qc3+ 21. Ke2 Qb2+ 22. Kf3 Qc3+ 23. Qe3 Qf6+ 24. Qf4 1/2-1/2

[Event "SRB Team Chmp 2008"]
[Site "Subotica"]
[Date "2008.09.11"]
[Round "10.3"]
[White "Cabrilo, Goran"]
[Black "Todorovic, Goran M"]
[Result "1/2-1/2"]
[WhiteElo "2484"]
[BlackElo "2479"]
[PlyCount "49"]
[EventDate "2008.09.01"]

1. e4 e5 2. Nf3 Nc6 3. Bb5 a6 4. Ba4 Nf6 5. d3 d6 6. c3 g6 7. Nbd2 Bg7 8. Nf1
O-O 9. Ng3 b5 10. Bb3 Bb7 11. O-O Na5 12. Bc2 c5 13. Re1 Re8 14. Bd2 d5 15.
exd5 Qxd5 16. c4 bxc4 17. Bxa5 cxd3 18. Qxd3 Qxd3 19. Bxd3 e4 20. Nxe4 Nxe4 21.
Rad1 Bc6 22. b3 Nc3 23. Rxe8+ Bxe8 24. Bxc3 Bxc3 25. Rc1 1/2-1/2

[Event "SRB Team Chmp 2008"]
[Site "Subotica"]
[Date "2008.09.11"]
[Round "10.3"]
[White "Certic, Branimir"]
[Black "Strikovic, Aleksa"]
[Result "1-0"]
[WhiteElo "2392"]
[BlackElo "2512"]
[PlyCount "61"]
[EventDate "2008.09.01"]

1. Nf3 c5 2. c3 g6 3. d4 cxd4 4. cxd4 d5 5. Nc3 Nf6 6. Qb3 Bg7 7. Bf4 O-O 8. e3
Nc6 9. h3 e6 10. Be2 a6 11. Rc1 b5 12. a4 b4 13. Na2 Bb7 14. Ne5 Nxe5 15. Qxb4
Nfd7 16. Qxb7 Rb8 17. Qxa6 Rxb2 18. Nc3 Nb8 19. Qa7 Nec6 20. Qc5 e5 21. dxe5
Nxe5 22. Qa3 Rxe2+ 23. Kxe2 d4 24. Rhd1 d3+ 25. Kf1 Nbc6 26. Nb5 Qa5 27. Bxe5
Nxe5 28. f4 Rd8 29. fxe5 d2 30. Rc3 Bxe5 31. Rd3 1-0

[Event "SRB Team Chmp 2008"]
[Site "Subotica"]
[Date "2008.09.11"]
[Round "10.3"]
[White "Savic, Miodrag R"]
[Black "Jovic, Aleksandar"]
[Result "1/2-1/2"]
[WhiteElo "2519"]
[BlackElo "2381"]
[PlyCount "57"]
[EventDate "2008.09.01"]

1. e4 e6 2. d4 d5 3. e5 c5 4. c3 Nc6 5. Nf3 Nge7 6. Bd3 cxd4 7. cxd4 Nf5 8.
Bxf5 exf5 9. Nc3 Be6 10. a3 Rc8 11. Ne2 h6 12. O-O Be7 13. Ne1 Qb6 14. Qd3 a5
15. b3 Na7 16. Bd2 Nb5 17. Nc2 O-O 18. Rfb1 Rxc2 19. Qxc2 Nxa3 20. Qd3 Nxb1 21.
Bxa5 Qc6 22. Rxb1 Rc8 23. Bc3 g5 24. g3 Bd7 25. Rc1 Qe6 26. f3 Ba3 27. Ra1 Be7
28. Bd2 Kg7 29. Kf2 1/2-1/2

[Event "SRB Team Chmp 2008"]
[Site "Subotica"]
[Date "2008.09.11"]
[Round "10.4"]
[White "Predojevic, Borki"]
[Black "Svetushkin, Dmitry"]
[Result "1/2-1/2"]
[WhiteElo "2634"]
[BlackElo "2587"]
[PlyCount "116"]
[EventDate "2008.09.01"]

1. e4 e5 2. Nf3 Nc6 3. Bc4 Bc5 4. c3 Nf6 5. d3 a6 6. Bb3 d6 7. O-O O-O 8. Re1
h6 9. Nbd2 Be6 10. Nf1 Re8 11. Bxe6 fxe6 12. Ng3 d5 13. b4 Bd6 14. Bb2 Nb8 15.
Qb3 Nbd7 16. c4 c6 17. d4 dxc4 18. Qxc4 Qb8 19. Nf5 Bc7 20. Rad1 Kh7 21. Ne3
exd4 22. Bxd4 Ne5 23. Bxe5 Bxe5 24. Qc2 Kg8 25. Nxe5 Qxe5 26. Nc4 Qf4 27. g3
Qg4 28. Qe2 Qxe2 29. Rxe2 Red8 30. Rxd8+ Rxd8 31. Rd2 Rxd2 32. Nxd2 Kf7 33. f3
Ke7 34. Kf2 Nd7 35. Ke3 b5 36. Kd4 Kd6 37. f4 c5+ 38. bxc5+ Nxc5 39. e5+ Kc6
40. g4 a5 41. f5 exf5 42. gxf5 Na6 43. Ne4 Nc7 44. Ng3 a4 45. Nh5 Ne8 46. a3 b4
47. axb4 Kb5 48. Kc3 a3 49. e6 a2 50. Kb2 Kxb4 51. e7 Kc5 52. Nxg7 Kd6 53.
Nxe8+ Kxe7 54. Nc7 Kf6 55. Kxa2 Kxf5 56. Nd5 Kg4 57. Nf6+ Kh3 58. Kb3 Kxh2
1/2-1/2

[Event "SRB Team Chmp 2008"]
[Site "Subotica"]
[Date "2008.09.11"]
[Round "10.4"]
[White "Pavlovic, Milos"]
[Black "Djuric, Stefan"]
[Result "1-0"]
[WhiteElo "2515"]
[BlackElo "2462"]
[PlyCount "97"]
[EventDate "2008.09.01"]

1. d4 d5 2. Nf3 c6 3. e3 Nf6 4. c4 g6 5. Nc3 Bg7 6. cxd5 cxd5 7. Bb5+ Nc6 8.
Ne5 Bd7 9. Qa4 Rc8 10. Bxc6 bxc6 11. O-O O-O 12. Qxa7 c5 13. Bd2 Be8 14. Rfc1
Qd6 15. a4 c4 16. a5 Rb8 17. Be1 Nd7 18. Nf3 f6 19. Na4 g5 20. a6 g4 21. Nh4 f5
22. Nc5 Nxc5 23. dxc5 Qd8 24. Ba5 Qc8 25. Rd1 Bc6 26. Bc3 e5 27. Qe7 Bf6 28.
Qd6 d4 29. a7 Ra8 30. exd4 Bxh4 31. d5 Be8 32. Bxe5 Bg6 33. Bc3 f4 34. c6 Qf5
35. Re1 g3 36. fxg3 fxg3 37. hxg3 Bg5 38. Qe5 Qxe5 39. Bxe5 Rfc8 40. Ra6 Bd3
41. Bc3 Rd8 42. Re5 Bf6 43. c7 Rf8 44. Re1 Bg5 45. d6 Bf5 46. Ra5 h6 47. Rxf5
Rxf5 48. d7 Rff8 49. Bb4 1-0

[Event "SRB Team Chmp 2008"]
[Site "Subotica"]
[Date "2008.09.11"]
[Round "10.4"]
[White "Tosic, Miroslav"]
[Black "Arsovic, Zoran"]
[Result "0-1"]
[WhiteElo "2422"]
[BlackElo "2475"]
[PlyCount "124"]
[EventDate "2008.09.01"]

1. d4 Nf6 2. c4 g6 3. Nc3 Bg7 4. e4 d6 5. Nge2 O-O 6. f3 a6 7. Bg5 Nbd7 8. Qd2
c5 9. d5 b5 10. cxb5 Qa5 11. Nc1 axb5 12. Nxb5 Nb6 13. Qxa5 Rxa5 14. Nb3 Ra8
15. Nc3 Ba6 16. Rc1 h6 17. Bd2 Nfd7 18. Rc2 Rfb8 19. Bxa6 Rxa6 20. Ke2 f5 21.
Rd1 Kh7 22. Be1 fxe4 23. fxe4 Na4 24. Rdc1 Rb4 25. Nd2 Rxb2 26. Nxa4 Rxc2 27.
Rxc2 Rxa4 28. Bg3 Kg8 29. Nc4 Bd4 30. Kd3 Ra6 31. Re2 Kf7 32. a3 Ra4 33. Re1
Kg7 34. Rb1 Ra7 35. Rb3 Kf6 36. Kc2 Kg7 37. Rb5 Nf6 38. Kd3 Nd7 39. Rb3 Kf6 40.
Bf4 g5 41. Bg3 Be5 42. Be1 Bxh2 43. g3 h5 44. Rb2 Bg1 45. Bc3+ Bd4 46. Bxd4+
cxd4 47. Kxd4 h4 48. Rf2+ Kg6 49. gxh4 gxh4 50. Rg2+ Kf6 51. Rf2+ Kg6 52. Rg2+
Kf6 53. Rf2+ Kg5 54. Rg2+ Kf4 55. Rf2+ Kg3 56. Rf7 Ra4 57. Rg7+ Kf3 58. Rf7+
Ke2 59. Rxe7 Ne5 60. Rxe5 dxe5+ 61. Kc5 h3 62. d6 h2 0-1

[Event "SRB Team Chmp 2008"]
[Site "Subotica"]
[Date "2008.09.11"]
[Round "10.4"]
[White "Rajkovic, Dusan"]
[Black "Kosanovic, Goran A"]
[Result "1/2-1/2"]
[WhiteElo "2476"]
[BlackElo "2393"]
[PlyCount "59"]
[EventDate "2008.09.01"]

1. d4 d5 2. c4 c6 3. Nf3 Nf6 4. e3 Bg4 5. Nbd2 e6 6. Bd3 Nbd7 7. h3 Bxf3 8.
Qxf3 Bd6 9. O-O O-O 10. Rd1 Qe7 11. e4 e5 12. exd5 exd4 13. Ne4 Nxe4 14. Qxe4
Qxe4 15. Bxe4 c5 16. Bd3 Rfe8 17. Bd2 a5 18. Re1 b6 19. f4 Nf6 20. Kf2 Rxe1 21.
Rxe1 Re8 22. Rxe8+ Nxe8 23. Kf3 g6 24. g4 f6 25. Bc2 Bc7 26. Ba4 Nd6 27. b3 h6
28. Bd7 Kg7 29. Be1 Kf7 30. Bc6 1/2-1/2

[Event "SRB Team Chmp 2008"]
[Site "Subotica"]
[Date "2008.09.11"]
[Round "10.4"]
[White "Skoko, Milan"]
[Black "Arsovic, Goran"]
[Result "0-1"]
[WhiteElo "2257"]
[BlackElo "2469"]
[PlyCount "120"]
[EventDate "2008.09.01"]

1. e4 c5 2. c3 d5 3. exd5 Qxd5 4. d4 Nf6 5. Nf3 e6 6. Na3 Nc6 7. Nb5 Qd8 8.
dxc5 Bxc5 9. Qxd8+ Kxd8 10. Bf4 Ne4 11. Be3 Bxe3 12. fxe3 Ke7 13. Bd3 Nf6 14.
Ke2 Bd7 15. Nbd4 Rhd8 16. Rad1 Rac8 17. Rhg1 h6 18. Bb5 Nb8 19. Bxd7 Nbxd7 20.
Rc1 a6 21. Rgd1 Rc7 22. h3 Rdc8 23. Nd2 b5 24. Ra1 Nb6 25. a3 Na4 26. Rab1 Nd5
27. Kd3 g6 28. Rdc1 Ndb6 29. N2f3 Nc5+ 30. Ke2 Nca4 31. Rc2 f6 32. g3 Rd7 33.
g4 Nd5 34. Nb3 Rdc7 35. Rcc1 Ndb6 36. Nbd2 Rd8 37. Rc2 Re8 38. Kd1 Rc6 39. Ke2
Rd8 40. Nd4 Rc7 41. N4f3 Rd5 42. Rbc1 Nc4 43. b3 Nxd2 44. Nxd2 Nc5 45. c4 Rxd2+
46. Kxd2 Nxb3+ 47. Kd3 Nxc1+ 48. Rxc1 Kd6 49. Rf1 bxc4+ 50. Kc3 Ke5 51. Rf4 f5
52. Rd4 g5 53. h4 fxg4 54. Rxg4 Kf5 55. Rd4 Rc6 56. hxg5 hxg5 57. a4 g4 58. e4+
Ke5 59. a5 g3 60. Rd8 Kxe4 0-1

[Event "SRB Team Chmp 2008"]
[Site "Subotica"]
[Date "2008.09.11"]
[Round "10.5"]
[White "Halkias, Stelios"]
[Black "Berkes, Ferenc"]
[Result "1/2-1/2"]
[WhiteElo "2579"]
[BlackElo "2645"]
[PlyCount "21"]
[EventDate "2008.09.01"]

1. d4 d5 2. c4 c6 3. Nc3 Nf6 4. Nf3 e6 5. Bg5 Nbd7 6. e3 Be7 7. Bd3 O-O 8. O-O
dxc4 9. Bxc4 Nd5 10. Bxe7 Qxe7 11. Ne4 1/2-1/2

[Event "SRB Team Chmp 2008"]
[Site "Subotica"]
[Date "2008.09.11"]
[Round "10.5"]
[White "Brenjo, Slavisa"]
[Black "Bogosavljevic, Boban"]
[Result "1-0"]
[WhiteElo "2486"]
[BlackElo "2533"]
[PlyCount "83"]
[EventDate "2008.09.01"]

1. e4 c5 2. Nf3 Nc6 3. d4 cxd4 4. Nxd4 Nf6 5. Nc3 e5 6. Ndb5 d6 7. Bg5 a6 8.
Na3 b5 9. Bxf6 gxf6 10. Nd5 f5 11. c3 Bg7 12. exf5 Bxf5 13. Nc2 O-O 14. Nce3
Be6 15. Bd3 f5 16. Qh5 e4 17. Bc2 Ne7 18. Rd1 Ng6 19. f4 exf3 20. gxf3 Nh4 21.
f4 Bf7 22. Qe2 Re8 23. Kf2 Ra7 24. Rhg1 Bxd5 25. Rxd5 Ng6 26. Qf3 Qh4+ 27. Rg3
Rae7 28. Ng2 Qxh2 29. Rd2 Re1 30. Qd5+ Kh8 31. Qxf5 Qg1+ 32. Kf3 R1e3+ 33. Kg4
Rxg3+ 34. Kxg3 Re3+ 35. Kg4 Qh2 36. Nxe3 Qxd2 37. Qc8+ Nf8 38. Kf3 a5 39. Qf5
b4 40. Qf7 a4 41. Bxa4 d5 42. Bb3 1-0

[Event "SRB Team Chmp 2008"]
[Site "Subotica"]
[Date "2008.09.11"]
[Round "10.5"]
[White "Djukic, Nikola"]
[Black "Ostojic, Nikola"]
[Result "1-0"]
[WhiteElo "2545"]
[BlackElo "2429"]
[PlyCount "135"]
[EventDate "2008.09.01"]

1. e4 c6 2. Nc3 d5 3. Nf3 dxe4 4. Nxe4 Bf5 5. Ng3 Bg4 6. h3 Bxf3 7. Qxf3 Nf6 8.
c3 e6 9. d4 Nbd7 10. Bd3 Bd6 11. O-O Qc7 12. Ne4 Nxe4 13. Bxe4 Nf6 14. Bc2 O-O
15. Bg5 Be7 16. Qd3 g6 17. Qf3 Nd5 18. Bh6 Rfe8 19. Rad1 Qd8 20. Bd2 Bg5 21.
Be1 Bh6 22. g3 Qb6 23. b3 Rad8 24. h4 Bg7 25. h5 c5 26. dxc5 Qxc5 27. c4 Nb4
28. Be4 Nxa2 29. Bxb7 Rxd1 30. Qxd1 Rb8 31. Bf3 Qa3 32. Bd2 Rxb3 33. Be3 Rxe3
34. fxe3 Qxe3+ 35. Kg2 Qg5 36. Bc6 Be5 37. Qf3 f6 38. hxg6 hxg6 39. Rd1 Kg7 40.
Be8 Qf5 41. Rd7+ Kh6 42. Qxf5 exf5 43. Rxa7 Nb4 44. c5 Nd5 45. Bf7 Nc7 46. Ra4
Kg7 47. Bc4 Kh6 48. Kf3 Kg7 49. Ra2 Bd4 50. Rd2 Be5 51. Rd7+ Kh6 52. c6 Kg5 53.
Rg7 Kh6 54. Rg8 Kh7 55. Kg2 Bd6 56. Kh3 Be5 57. Kh4 Kh6 58. Bf7 g5+ 59. Kh3 g4+
60. Kh4 Nb5 61. Rg6+ Kh7 62. Kh5 Nd4 63. Bg8+ Kh8 64. Bd5 Kh7 65. c7 Bxc7 66.
Rxf6 Bxg3 67. Rf7+ Kh8 68. Kg6 1-0